Investigación científica y fe católica
Saved in:
| Main Author: | |
|---|---|
| Format: | Book |
| Language: | Spanish |
| Published: |
Santiago
Ril Editores
2017
|
| Edition: | 1a. ed |
| Series: | Colección Centro de Estudios Tomistas, 9
|
| Subjects: | |
| Tags: |
Add Tag
No Tags, Be the first to tag this record!
|
MARC
| LEADER | 00000cam a2200000 a 4500 | ||
|---|---|---|---|
| 001 | UCC5194 | ||
| 003 | CL-VaPUC | ||
| 008 | 180927e20170000cl |||||||||||||||||spa|d | ||
| 020 | |a 9789560104526 | ||
| 082 | 0 | 4 | |a 189.4 |b CAS |2 21 |
| 100 | 0 | |a Casanova Guerra, Carlos Augusto |e author |9 599477 | |
| 245 | 1 | 0 | |a Investigación científica y fe católica |
| 250 | |a 1a. ed | ||
| 300 | |a 107 p | ||
| 942 | |c BK | ||
| 945 | |d 20180927 22:58:00 |a dcastane | ||
| 260 | |a Santiago |b Ril Editores |c 2017 | ||
| 650 | 0 | |a Ciencia y religión |9 321686 | |
| 650 | 0 | |a Teología |9 258766 | |
| 650 | 0 | |a Filosofía cristiana |9 265980 | |
| 583 | |a last modification |c 20180927 22:58:00 |k Rodrigo Vera | ||
| 490 | 0 | |a Colección Centro de Estudios Tomistas, 9 | |
| 999 | |c 372467 |d 372465 | ||
| 952 | |0 0 |1 0 |3 erb |4 0 |6 189_400000000000000_CAS_2017 |7 0 |8 A |9 490141 |a BIBEDU |b BIBEDU |i 5503086 |o 189.4 CAS 2017 |p 5503086 |r 2019-11-24 |w 2019-11-24 |y BK |z Catalogado en:20180927 |k FIL | ||